000 00524nam a22001697a 4500
003 OSt
005 20260203090448.0
008 260203b |||||||| |||| 00| 0 eng d
020 _a978-1-685251-459-7
040 _aDWC-Main lib
_cOC
082 _aCirc. 002.0028 I29 2018
100 _a3G E-LEARNING LLC
245 _aIllustrated handbook of future library technology/
_c3G E-LEARNING LLC
260 _aUSA :
_b3G E-Learning,
_cc2018.
300 _a323 pages :
_billustrations ;
_c24cm.
942 _2ddc
_cBK-CIRC
_kCirc.
_n0
999 _c8230
_d8230